00427nam a2200109 4500001000800000005001700008245005500025260001600080999002100096952010000117952010000217123407420250926112232.0 aŞEKİLLİ KİMYA SÖZLÜĞÜcTÜBİTAK bTÜBİTAK c1234074d1234074 00102ddc4070a1065b1065d2025-09-26l0oE/Cp106518407r2025-09-26 11:22:41w2025-09-26yBK 00102ddc4070a1065b1065d2025-09-26l0oE/Cp106518408r2025-09-26 11:22:52w2025-09-26yBK